000 00393pab a2200169 454500
008 180718b1997 xxu||||| |||| 00| 0 eng d
100 _aVijapur, Abdulrahim P.
245 _aAmending the Lokpal Bill
260 _c1997
300 _ap.25
362 _aMay
650 _aLokpal - India
650 _aOmbudsman - India
650 _aOmbudsman
773 _aPolitics India
909 _a35025
999 _c35025
_d35025